Statistiken für Länder, die an den Sudan grenzen

Klicken Sie hier um das Quiz zu spielen!

Allgemein

  • Dieses Quiz wurde 1.975 mal gespielt
  • Das Durchschnittsergebnis liegt bei 6 aus 7

Antwortstatistiken

Länge (km)Land% Korrekt
2'184Südsudan
99%
1'275Ägypten
96%
1'360Tschad
90%
769Äthiopien
87%
383Libyen
86%
605Eritrea
83%
175Zentralafrikanische Republik
72%

Verteilung der Resultate

Perzentil nach korrekt beantworteten Fragen

Anzahl Personen mit jedem Resultat

Ihre Resultats-Entwicklung

Sie haben dieses Quiz noch nicht gespielt